000 02022nam0a2200361 4500
001 RU\NLR\bibl\738451
005 20250614002218.0
021 _aRU
_b2004-61396
_93018
035 _a(NLR Aleph) 000728356
090 _a746754
_c746754
100 _a20050322d2004 |||y0rusy50 ca
101 0 _arus
102 _aRU
105 _aa |||||||||
200 1 _aЗадачи по курсу дифференциальной геометрии и топологии
_eучебное пособие
_fГ.С. Шаров, А.М. Шелехов, М.А. Шестакова
_gМ-во образования Рос. Федерации, Гос. образоват. учреждение высш. проф. образования "Твер. гос. ун-т"
210 _aТверь
_cТверской государственный университет
_d2004
215 _a112 с.
_cил.
_d21
320 _aБиблиогр.: с. 110-111 (27 назв.)
606 1 _aДифференциальная геометрия
_xЗадачи
_xРешение
_92040801
_3RU\NLR\auth\661224889
606 1 _aДифференциальная геометрия
_jУчебные издания для высших учебных заведений
_xЗадачи
_xРешение
_92040801
_3RU\NLR\auth\661224889
606 1 _aТопология
_xЗадачи
_xРешение
_92093393
_3RU\NLR\auth\661266841
606 1 _aТопология
_jУчебные издания для высших учебных заведений
_xЗадачи
_xРешение
_92093393
_3RU\NLR\auth\661266841
686 _aВ181.22я73-41
686 _aВ182я73-41
700 1 _aШаров
_bГ. С.
_gГерман Сергеевич
_4070
701 1 _aШелехов
_bА. М.
_gАлександр Михайлович
_4070
701 1 _aШестакова
_bМ. А.
_gМаргарита Аркадьевна
_4070
801 0 _aRU
_bNLR
_c20050322
_gPSBO
801 1 _aRU
_bNLR
_c20050322
830 _aАвт. по кн
942 _cBOOK
980 _aNB